00588nam a22001817a 450000500170000001000390001702000260005603500170008203700310009903700130013008200120014310000180015524501000017325000120027326000300028527000570031530000340037220161005105504.0 a1516EN07 B-598997-013 ENG-116169 a9788126554980c699.00 aB-598997-013 adplbAsian Book Centre/Ven bDBAD/PUB a005.432 aBlum, Richard aLinux command Line and shell Scripting BIBLE/ cby Richard Blum and Christine Bresnahan a3rd ed. aDelhibWiley Indiac2015 a4435-36/7, Ansari Road, DaryaganjbNew Delhie110002 axxxiv 781p.:c24cm(pbk)bill.